| 000 | 00000cam 2200000zi 4500 |
| 001 | 9.872423 |
| 003 | CaOODSP |
| 005 | 20260513150304 |
| 006 | m o d f |
| 007 | cr mn||||||||| |
| 008 | 190503e199103##onca ob f000 0 eng d |
| 020 | |a0662186494 |q(print) |
| 040 | |aCaOODSP|beng|erda|cCaOODSP |
| 043 | |an-cn--- |
| 086 | 1 |aC2-152/1991E-PDF|zC2-152/1991E |
| 100 | 1 |aSzibbo, Alec R., |eauthor. |
| 245 | 10|aSupplying or acquiring technology : |ba Canadian business guide. |
| 250 | |aRevised edition (March 1991). |
| 264 | 1|a[Ottawa] : |bIndustry, Sciences and Technology Canada = Industrie, sciences et technologie Canada, |cMarch 1991. |
| 264 | 4|c©1991 |
| 300 | |a1 online resource (x, 116 pages) : |billustrations |
| 336 | |atext|btxt|2rdacontent |
| 337 | |acomputer|bc|2rdamedia |
| 338 | |aonline resource|bcr|2rdacarrier |
| 500 | |aIssued also in French under title: L'acquisition ou la fourniture de technologie : guide à l'intention des entreprises canadiennes. |
| 500 | |a"PU 0137-90-01"--Title page verso. |
| 500 | |a"The author of both the original and updated guides, ... is Alec R. Szibbo, ..."--Preface. |
| 500 | |aDigitized edition from print [produced by Innovation, Science and Economic Development Canada]. |
| 504 | |aIncludes bibliographical references (pages 113-116). |
| 650 | 0|aTechnology transfer|zCanada. |
| 650 | 0|aTechnology transfer|xLaw and legislation|zCanada. |
| 650 | 0|aIndustrial property|zCanada. |
| 650 | 0|aIntellectual property|zCanada. |
| 710 | 1 |aCanada. |bIndustry, Science and Technology Canada, |eissuing body. |
| 775 | 08|tL'acquisition ou la fourniture de technologie : |w(CaOODSP)9.962776 |
| 856 | 40|qPDF|s4.12 MB|uhttps://publications.gc.ca/collections/collection_2019/isde-ised/C2-152-1991-eng.pdf |
| 986 | |aPU 0137-90-01 |